| 000 | 01232nam a22003134a 4500 | ||
|---|---|---|---|
| 001 | ebr10069060 | ||
| 003 | CaPaEBR | ||
| 006 | m u | ||
| 007 | cr cn||||||||| | ||
| 008 | 010614s2002 enka sb 001 0 eng | ||
| 010 | _z 2001037649 | ||
| 020 | _z0521594510 | ||
| 040 |
_aCaPaEBR _cCaPaEBR |
||
| 035 | _a(OCoLC)70753838 | ||
| 050 | 1 | 4 |
_aQA278.6 _b.A67 2002eb |
| 082 | 0 | 4 |
_a519.5/35 _221 |
| 245 | 0 | 0 |
_aApplied latent class analysis _h[electronic resource] / _cedited by Jacques A. Hagenaars, Allan L. McCutcheon. |
| 260 |
_aCambridge ; _aNew York : _bCambridge University Press, _c2002. |
||
| 300 |
_axxii, 454 p. : _bill. |
||
| 504 | _aIncludes bibliographical references and indexes. | ||
| 533 |
_aElectronic reproduction. _bPalo Alto, Calif. : _cebrary, _d2013. _nAvailable via World Wide Web. _nAccess may be limited to ebrary affiliated libraries. |
||
| 650 | 0 | _aLatent structure analysis. | |
| 650 | 0 | _aLatent variables. | |
| 655 | 7 |
_aElectronic books. _2local |
|
| 700 | 1 | _aHagenaars, Jacques A. | |
| 700 | 1 |
_aMcCutcheon, Allan L., _d1950- |
|
| 710 | 2 | _aebrary, Inc. | |
| 856 | 4 | 0 |
_uhttp://site.ebrary.com/lib/rucke/Doc?id=10069060 _zAn electronic book accessible through the World Wide Web; click to view |
| 999 |
_c42025 _d42025 |
||